Christ's last sermon, or, The everlasting estate and condition of all men in the world to come : exactly describing the everlasting, blessed, and happy condition of the children of God in glory for ever ...

Bibliographic Details
Main Author: Hart, John, D.D
Format: eBook
Language:English
Published: London : Printed for Will. Thackery, T. Passenger, Phil. Brooksby and John Williamson, 1679.
Series:Early English books online.
Subjects:
Online Access:Connect to the full text of this electronic book

MARC

Tag First Indicator Second Indicator Subfields
LEADER 00000nam a2200000Ia 4500
001 in00004294591
005 20200810080422.0
006 m g d
007 cr bn |||a|bb|
008 851017s1679 enkc o 00| | eng d
035 |a (OCoLC)12684051 
040 |a EAA  |c EAA  |d m/c  |d WaOLN 
037 |a CL0037000010  |b ProQuest Information and Learning. 300 N. Zeeb Rd., Ann Arbor, MI 48106 
049 |a UMIA 
100 1 |a Hart, John,  |c D.D. 
245 1 0 |a Christ's last sermon, or, The everlasting estate and condition of all men in the world to come :  |b exactly describing the everlasting, blessed, and happy condition of the children of God in glory for ever ... 
260 |a London :  |b Printed for Will. Thackery, T. Passenger, Phil. Brooksby and John Williamson,  |c 1679. 
300 |a 1 online resource ([48] pages :  |b portrait. 
336 |a text  |b txt  |2 rdacontent 
337 |a computer  |b c  |2 rdamedia 
338 |a online resource  |b cr  |2 rdacarrier 
500 |a The frontispiece is a portrait of the author, John Hart, with his name printed over it. 
500 |a Reproduction of original in British Library. 
510 4 |a Wing  |c H941 
533 |a Electronic reproduction.  |b Ann Arbor, Mich. :  |c UMI,  |d 1999-  |f (Early English books online)  |n Digital version of: (Early English books, 1641-1700 ; 356:7)  |7 s1999 miun s 
600 0 0 |a Jesus Christ  |x Preaching. 
740 0 |a Christ's last sermon. 
740 0 |a Everlasting estate and condition of all men in the world to come. 
830 0 |a Early English books online. 
856 4 0 |u http://proxy.library.tamu.edu/login?url=https://search.proquest.com/docview/2240951159  |z Connect to the full text of this electronic book  |t 0 
999 f f |s b094bd5e-d2ec-34f8-8004-a0ac98b5a802  |i bab5eb41-4375-3c52-96fc-7ee3fb89296c  |t 0 
952 f f |a Texas A&M University  |b College Station  |c Electronic Resources  |d Available Online  |t 0  |h No information provided 
998 f f |t 0  |l Available Online